Načítá se...
Friends of the library;organization and activities /
| Další autoři: | |
|---|---|
| Jazyk: | Undetermined |
| Vydáno: |
1962.
|
| Témata: |
| LEADER | 00508nam a2200157Ia 4500 | ||
|---|---|---|---|
| 001 | 10106 | ||
| 008 | 170722s9999 xx 000 0 und d | ||
| 245 | |a Friends of the library;organization and activities / | ||
| 260 | |c 1962. | ||
| 653 | |a Library Science | ||
| 653 | |a Organization | ||
| 653 | |a Public Library | ||
| 700 | |a Wallace, Sarah Leslie |e editor. | ||
| 942 | |c GEN | ||
| 999 | |c 63673 |d 63673 | ||
| 952 | |0 0 |1 0 |4 0 |6 222_73_000000000000000_K2 |7 0 |9 90530 |a LIB |b LIB |d 2013-03-25 |o 22:2.73 K2 |p 100239 |r 2017-08-12 |w 2017-08-12 |y GEN | ||